000 00956nam0a22002411i 4500
001 rc\3259630
005 20240723215632.0
021 _aRU
_b7[1-21142а]
035 _a(NLR Aleph) 007386179
090 _a6561305
_c6561305
100 _a20130115d1971 |||y0rusy50 ca
101 0 _arus
102 _aRU
105 _ay d |||||
200 1 _aНеправильные археоцитаты Алтае-Саянской складчатой области
_e(Отряды Rhizacyathida и Archeocyat hida)
_eАвтореф. дис. на соискание учен. степени канд. биол. наук
_e(128)
_fАН СССР. Палеонтол. ин-т
210 _aМосква
_d1971
215 _a36 с.
320 _aСписок работ авт.: с. 35-36 (12 назв.)
700 1 _aФонин
_bВ.Д.
_gВиктор Дмитриевич
801 0 _aRU
_bNLR
_gpsbo
801 1 _aRU
_bELAR
_2rusmarc
852 _aNLR
_j72-4/9837
942 _cBOOK